| 000 | 00315nam a22000977a 4500 | ||
|---|---|---|---|
| 008 | 150730b xxu||||| |||| 00| 0 eng d | ||
| 010 | _8HCCRS ARF:040 | ||
| 245 | _aHIGH COURT CRIMINAL SESSION NO.201 OF 1993 Uganda Vs Francis Omona | ||
| 260 | _aHigh Court Kampala | ||
| 500 | _3BEFORE:The Honourable Mr.Justice L.J.O.Ongom | ||
| 999 |
_c8366 _d8366 |
||